Company accounting / (Record no. 3336)

000 -LEADER
fixed length control field 00922nam a2200313 a 4500
001 - CONTROL NUMBER
control field 3444389
003 - CONTROL NUMBER IDENTIFIER
control field OSt
005 - DATE AND TIME OF LATEST TRANSACTION
control field 20161003153932.0
008 - FIXED-LENGTH DATA ELEMENTS--GENERAL INFORMATION
fixed length control field 911218s1990 nz a b 001 0 eng
010 ## - LIBRARY OF CONGRESS CONTROL NUMBER
LC control number 91228226
020 ## - INTERNATIONAL STANDARD BOOK NUMBER
International Standard Book Number 9780470819739
040 ## - CATALOGING SOURCE
Original cataloging agency DLC
Transcribing agency DLC
043 ## - GEOGRAPHIC AREA CODE
Geographic area code u-nz---
050 00 - LIBRARY OF CONGRESS CALL NUMBER
Classification number HF5686.L46 2009
082 00 - DEWEY DECIMAL CLASSIFICATION NUMBER
Classification number 657/.95/0993
Edition number 20
100 ## - MAIN ENTRY--PERSONAL NAME
Personal name leo,Ken
245 00 - TITLE STATEMENT
Title Company accounting /
Statement of responsibility, etc ken Leo ..[et al]
250 ## - EDITION STATEMENT
Edition statement 8th. ed.
260 ## - PUBLICATION, DISTRIBUTION, ETC. (IMPRINT)
Place of publication, distribution, etc Australia:
Name of publisher, distributor, etc John Wiley and sons ltd,
Date of publication, distribution, etc 2009.
300 ## - PHYSICAL DESCRIPTION
Extent xix, 1096 p. :
Other physical details ill. ;
Dimensions 25 cm.
504 ## - BIBLIOGRAPHY, ETC. NOTE
Bibliography, etc Includes bibliographical references and index.
650 #0 - SUBJECT ADDED ENTRY--TOPICAL TERM
Topical term or geographic name as entry element Corporations
Geographic subdivision New Zealand
General subdivision Accounting.
700 1# - ADDED ENTRY--PERSONAL NAME
Personal name Hoggett,John
700 1# - ADDED ENTRY--PERSONAL NAME
Personal name sweeting,John
700 1# - ADDED ENTRY--PERSONAL NAME
Personal name Radford,Jennie
906 ## - LOCAL DATA ELEMENT F, LDF (RLIN)
a 7
b cbc
c orignew
d 3
e ncip
f 19
g y-gencatlg
942 ## - ADDED ENTRY ELEMENTS (KOHA)
Source of classification or shelving scheme
Koha item type Book
Holdings
Withdrawn status Lost status Source of classification or shelving scheme Damaged status Not for loan Home library Current library Shelving location Date acquired Total Checkouts Full call number Barcode Date last seen Copy number Price effective from Koha item type
          Riara University Library Riara University Library General stack 03/10/2016   HF5686.L46 2009 7798/16 03/10/2016 C.1 03/10/2016 Book
          Riara University Library Riara University Library General stack 10/10/2016   HF5686.L46 2009 8608/16 10/10/2016 C.1 10/10/2016 Book

Riara University Library,
P.O. Box 49940-00100,
Nairobi, Kenya.